000 00561cam a2200205ua 4500
001 1759
005 20260515113402.0
008 110719n ii |||gr||||Z||||||eng
020 _a81-207-0881-4
040 _cMAIN
082 _a335.43
100 1 _aDas, Gupta K. K.,
_d1989,
245 1 _aMarxism and political economy of sociolism
_cby K. K. Das Gupta
250 _a1st.
260 _aNew Delhi:
_bSterling publishers pvt. ltd.,989.
300 _a428p:
_c23cm.
653 _aEconomics
653 _aMarxism and political economy of socialism
942 _cBK
999 _c1642
_d1642